| 000 | 00821nam a2200253 a 4500 | ||
|---|---|---|---|
| 001 | 000110326 | ||
| 003 | CHAP | ||
| 005 | 20250523113051.0 | ||
| 008 | 140818s2011 mx a |r| ||||||spa d | ||
| 010 | _a106788 | ||
| 011 | _a107760 | ||
| 020 | _a9976070043635 | ||
| 040 | _cCHAP | ||
| 082 | 0 | 4 |
_a709.72 _bR69 |
| 100 | 1 | 0 |
_aRodríguez Canto, Adolfo _998359 |
| 245 | 1 | 0 |
_aLas pitahayas en las artes plásticas / _cpor Adolo Rodríguez Canto. |
| 260 |
_aChapingo, Méx. : _bUACH. _bSAGARPA. _bServicio Nacional de Inspección y Certificación de Semillas _bSistema Nacional de Recursos Fitogenéticos para la Alimentación y la Agricultura, _c2011. |
||
| 300 |
_a138 p. : _bil. |
||
| 590 |
_aE5765TAJ _b05 _c20140818 _lUCH01 _h1204 |
||
| 650 | 1 | 4 |
_aPitaya _xArte. _9124612 |
| 901 | _aBK | ||
| 942 | _cLIBRO | ||
| 942 | _n0 | ||
| 999 |
_c106788 _d106788 |
||